书目信息 |
| 题名: |
海洋旅游学
|
|
| 作者: | 马丽卿 主编 | |
| 分册: | ||
| 出版信息: | 北京 海洋出版社 2013 |
|
| 页数: | 300页 | |
| 开本: | 29cm | |
| 丛书名: | ||
| 单 册: | ||
| 中图分类: | F590.75 , F590.7 | |
| 科图分类: | ||
| 主题词: | 海洋经济学--旅游学--高等教育--教材 | |
| 电子资源: | ||
| ISBN: | 978-7-5027-8463-8 | |
| 000 | 00771nam0 2200241 450 | |
| 001 | 1654131717 | |
| 005 | 20130517133424.0 | |
| 010 | @a978-7-5027-8463-8@dCNY42.00 | |
| 100 | @a20130426d2013 em y0chiy50 ea | |
| 101 | 0 | @achi |
| 102 | @aCN@b110000 | |
| 105 | @ay z 000yy | |
| 106 | @ar | |
| 200 | 1 | @a海洋旅游学@9hai yang lv you xue@f马丽卿主编 |
| 210 | @a北京@c海洋出版社@d2013 | |
| 215 | @a300页@d29cm | |
| 300 | @a普通高等教育“十二五”规划教材 | |
| 330 | @a本书共分12章,内容包括:海洋旅游学科、海洋旅游活动、海洋旅游需求、海洋旅游产品与供给、海洋旅游吸引物与目的地、海洋旅游者与文化交流等。 | |
| 606 | 0 | @a海洋经济学@x旅游学@x高等教育@j教材 |
| 690 | @aF590.75@v5 | |
| 690 | @aF590.7@v4 | |
| 701 | 0 | @a马丽卿@9ma li qing@4主编 |
| 905 | @aBZT@dF590.7@e3 | |
| 海洋旅游学/马丽卿主编.-北京:海洋出版社,2013 |
| 300页;29cm |
| 普通高等教育“十二五”规划教材 |
| ISBN 978-7-5027-8463-8:CNY42.00 |
| 本书共分12章,内容包括:海洋旅游学科、海洋旅游活动、海洋旅游需求、海洋旅游产品与供给、海洋旅游吸引物与目的地、海洋旅游者与文化交流等。 |
| ● |
| 相关链接 |
|
|
|
正题名:海洋旅游学
索取号:F590.7/3
 
预约/预借
| 序号 | 登录号 | 条形码 | 馆藏地/架位号 | 状态 | 备注 |
| 1 | 812090 | 2000812090 | 第二书库/ [索取号:F590.7/3] | 在馆 | |
| 2 | 812091 | 2000812091 | 第二书库/ [索取号:F590.7/3] | 在馆 | |
| 3 | 812092 | 2000812092 | 第二书库/ [索取号:F590.7/3] | 在馆 |